[Event "Berkeley CC Ch2011 FNM; 30/90, SD/30"]
[Site "Berkeley"]
[Date "2011.12.02"]
[Round "5.6"]
[White "Narayanan, Praveen"]
[Black "Wang, Michael J"]
[Result "1-0"]
[WhiteElo "1986"]
[BlackElo "1537"]
[PlyCount "115"]
[EventDate "2011.??.??"]
[SourceDate "2007.10.22"]

1. Nf3 Nf6 2. c4 e6 3. Nc3 d5 4. d4 dxc4 5. Bg5 Bb4 6. a3 Be7 7. e3 c5 8. Bxc4
cxd4 9. exd4 Nc6 10. O-O O-O 11. Re1 Qb6 12. Ne5 Re8 13. Bxf6 Bxf6 14. Qh5 g6
15. Qf3 Nxe5 16. dxe5 Bg7 17. Ne4 Bxe5 18. Ng5 Bg7 19. Qxf7+ Kh8 20. Bxe6 Bxe6
21. Nxe6 Rg8 22. Nxg7 Rxg7 23. Re8+ Rxe8 24. Qxe8+ Rg8 25. Qe5+ Rg7 26. Rd1 Qc7
27. Qf6 h6 28. h3 Qe7 29. Qc3 Kh7 30. Qe3 b6 31. Rd5 Qxe3 32. fxe3 Rf7 33. b4
g5 34. a4 Kg6 35. a5 h5 36. axb6 axb6 37. Rd6+ Rf6 38. Rxf6+ Kxf6 39. Kf2 Ke5
40. Kf3 b5 41. g3 Kf5 42. e4+ Kf6 43. Ke3 Ke5 44. Kd3 h4 45. g4 Kf4 46. Kd4 Kg3
47. e5 Kxh3 48. e6 Kg2 49. e7 h3 50. e8=Q h2 51. Qe4+ Kg1 52. Ke5 h1=Q 53.
Qxh1+ Kxh1 54. Kf5 Kg2 55. Kxg5 Kg3 56. Kf5 Kh4 57. g5 Kh5 58. Kf6 1-0

[Event "Berkeley CC Ch2011 FNM; 30/90, SD/30"]
[Site "Berkeley"]
[Date "2011.11.11"]
[Round "2.5"]
[White "Narayanan, Praveen"]
[Black "Wang, Michael Lei"]
[Result "1/2-1/2"]
[WhiteElo "1986"]
[BlackElo "1793"]
[PlyCount "95"]
[EventDate "2011.??.??"]
[SourceDate "2007.10.22"]

1. g3 d5 2. Bg2 e5 3. c4 Nf6 4. cxd5 Nxd5 5. Nc3 Be6 6. d3 c6 7. Nf3 f6 8. O-O
Bc5 9. d4 Bxd4 10. Nxd4 exd4 11. Qxd4 Nxc3 12. Qxc3 O-O 13. Be3 Nd7 14. Rfd1
Qc7 15. Rac1 Qe5 16. Qb4 Nb6 17. Bf4 Qh5 18. Bf3 Bg4 19. Bxg4 Qxg4 20. e4 Qf3
21. Bc7 f5 22. Bxb6 axb6 23. e5 b5 24. Rd7 Rad8 25. Rxd8 Rxd8 26. Re1 Rd1 27.
e6 Qe2 28. Rxd1 Qxd1+ 29. Kg2 Qd5+ 30. Kg1 Qxe6 31. a3 b6 32. Qd2 c5 33. h4 h6
34. Kh2 Kh7 35. Qd3 c4 36. Qd4 h5 37. Kg1 Qc6 38. Qf4 Qe4 39. Qd2 Qe5 40. Kh2
g6 41. Kg1 Qe6 42. Kf1 Kg7 43. Qc3+ Kf7 44. Qd4 Ke7 45. Kg1 Qe1+ 46. Kh2 b4 47.
Qxb6 bxa3 48. Qc5+ 1/2-1/2

[Event "David Pruess FNM; 30/90, SD/30"]
[Site "Berkeley"]
[Date "2008.10.03"]
[Round "5.5"]
[White "Nelson, Christopher"]
[Black "Krasnov, Steven"]
[Result "0-1"]
[WhiteElo "1431"]
[BlackElo "1933"]
[PlyCount "48"]
[EventDate "2008.??.??"]
[SourceDate "2007.10.22"]

1. e4 e6 2. d4 d5 3. exd5 exd5 4. Be3 Nf6 5. Bd3 Bd6 6. Ne2 Bg4 7. Nbc3 a6 8.
Qd2 Nbd7 9. h3 Be6 10. f4 g6 11. g4 Nb6 12. b3 Qe7 13. Ng3 Rd8 14. g5 Nfd7 15.
Nd1 c5 16. Nf2 O-O 17. O-O f6 18. h4 fxg5 19. hxg5 cxd4 20. Bxd4 Bxf4 21. Bf6
Qxf6 22. Qxf4 Qxf4 23. Nfe4 Qe3+ 24. Kg2 dxe4 0-1

[Event "BCC David Pruess Marathon"]
[Site "?"]
[Date "2008.09.19"]
[Round "3.5"]
[White "Nelson, Chris"]
[Black "MacIntyre, Brendan"]
[Result "0-1"]
[WhiteElo "1431"]
[BlackElo "1607"]
[PlyCount "106"]
[EventDate "2008.??.??"]
[SourceDate "2007.10.22"]

1. e4 c5 2. Nf3 Nc6 3. d4 cxd4 4. Nxd4 g6 5. Nc3 Bg7 6. Be3 Nf6 7. Bc4 O-O 8.
O-O e6 9. Be2 d5 10. Nxc6 bxc6 11. e5 Nd7 12. f4 f6 13. Bg4 Qe7 14. exf6 Nxf6
15. Bf3 e5 16. fxe5 Qxe5 17. Bf4 Qe7 18. Re1 Qd7 19. Na4 Qf5 20. Be5 Re8 21.
Bxf6 Rxe1+ 22. Qxe1 Qxf6 23. Qe8+ Bf8 24. Nc3 Bb7 25. Qd7 Rb8 26. Rf1 Qe5 27.
Bg4 Qe7 28. Qe6+ Kg7 29. Qxe7+ Bxe7 30. Be6 Bf6 31. Na4 Ba6 32. Rf3 Bd4+ 33.
Kh1 Re8 34. Rf7+ Kh6 35. c3 Rxe6 36. g3 Be3 37. Kg2 Bb5 38. b3 Bxa4 39. bxa4 a5
40. g4 g5 41. Kf3 Bd2 42. c4 d4 43. Rd7 c5 44. a3 Bf4 45. h3 Bd6 46. Rb7 d3 47.
Rb2 Bf4 48. Rb1 d2 49. h4 Kg6 50. h5+ Kf6 51. Kf2 Ke5 52. Ke2 Kd4+ 53. Kd1 Re1+
0-1

[Event "BCC Adolf Anderssen Friday Night Marath"]
[Site "Berkeley"]
[Date "2009.01.23"]
[Round "3.7"]
[White "Nelson, Christopher"]
[Black "Magganas, Alexander"]
[Result "1-0"]
[WhiteElo "1492"]
[BlackElo "1129"]
[PlyCount "79"]
[EventDate "2009.??.??"]
[SourceDate "2007.10.22"]

1. d4 Nf6 2. Nf3 g6 3. Bg5 Bg7 4. e3 O-O 5. Bd3 d6 6. Nbd2 c5 7. c3 Nc6 8. Qc2
cxd4 9. exd4 Nd5 10. Qb3 Nb6 11. O-O Be6 12. Qc2 Qd7 13. Rae1 Bg4 14. b4 a6 15.
b5 axb5 16. Bxb5 Rfe8 17. Qb3 Be6 18. c4 d5 19. c5 Nc8 20. a4 N8a7 21. Qe3 Nxb5
22. axb5 Nb4 23. c6 bxc6 24. Qb3 cxb5 25. Qxb4 Ra4 26. Qc3 h6 27. Bf4 Rc8 28.
Qe3 b4 29. Rc1 Ra3 30. Rxc8+ Qxc8 31. Nb3 Qc4 32. Nfd2 Qc3 33. Rc1 Qb2 34. h3
Bxd4 35. Qxd4 Rxb3 36. Nxb3 Qxb3 37. Bxh6 f6 38. Qb6 Bf7 39. Qd8+ Kh7 40. Qf8
1-0

[Event "Blackburne Friday Night Marathon"]
[Site "Berkeley"]
[Date "2009.03.27"]
[Round "3.5"]
[White "Nelson, Christopher"]
[Black "Maser, Thomas F"]
[Result "0-1"]
[WhiteElo "1420"]
[BlackElo "1950"]
[PlyCount "52"]
[EventDate "2009.??.??"]
[SourceDate "2007.10.22"]

1. d4 Nf6 2. Nf3 e6 3. Bg5 d5 4. e3 h6 5. Bf4 Bd6 6. Bg3 O-O 7. Bd3 c5 8. c3
Nc6 9. Nbd2 b6 10. Rc1 Bb7 11. Qe2 Qd7 12. e4 Bxg3 13. hxg3 cxd4 14. e5 Ng4 15.
cxd4 Rac8 16. Bh7+ Kxh7 17. Ng5+ Kg8 18. Qxg4 Nxe5 19. Rc7 Rxc7 20. dxe5 Rc1+
21. Ke2 Rxh1 22. Ngf3 Qb5+ 23. Ke3 Rd8 24. Nb3 Rd1 25. Nfd4 Qd3+ 26. Kf4 Qe4#
0-1

[Event "Joseph Henry Blackburne FNM; 30/90, SD/"]
[Site "Berkeley"]
[Date "2009.03.20"]
[Round "2.11"]
[White "Nelson, Christopher"]
[Black "Moore, John Robert"]
[Result "1-0"]
[WhiteElo "1420"]
[BlackElo "1295"]
[PlyCount "41"]
[EventDate "2009.??.??"]
[SourceDate "2007.10.22"]

1. d4 d5 2. Nf3 Bf5 3. Bf4 e6 4. e3 a6 5. Nbd2 c5 6. c4 dxc4 7. Bxc4 cxd4 8.
Nxd4 Bg6 9. O-O Bc5 10. N4b3 Bb6 11. Qf3 Nc6 12. Ne4 Nge7 13. Nd6+ Kf8 14. Rad1
Qc7 15. Nxf7 Qc8 16. Nd6 Qb8 17. Bxe6 Qa7 18. Bg5+ Nf5 19. Bxf5 Bxf5 20. Qxf5+
Kg8 21. Qf7# 1-0

[Event "Blackburne Friday Night Marathon"]
[Site "Berkeley"]
[Date "2009.04.10"]
[Round "5.6"]
[White "Nelson, Christopher"]
[Black "Shaughnessy, Elizabeth"]
[Result "1-0"]
[WhiteElo "1420"]
[BlackElo "1555"]
[PlyCount "83"]
[EventDate "2009.??.??"]
[SourceDate "2007.10.22"]

1. d4 Nf6 2. Nf3 g6 3. Bg5 Ne4 4. Bf4 Bg7 5. e3 d5 6. Bd3 c5 7. Nbd2 cxd4 8.
exd4 Bf5 9. Qe2 Nc6 10. c3 Nd6 11. Bxd6 Bxd3 12. Qxd3 Qxd6 13. O-O O-O 14. Rfe1
e5 15. dxe5 Nxe5 16. Nxe5 Bxe5 17. Nf3 Bf6 18. Re2 Rad8 19. Rae1 a6 20. h4 h5
21. Qd2 Qc7 22. Qh6 Qd7 23. Ng5 Bxg5 24. Qxg5 Qb5 25. f4 Qb6+ 26. Kh1 Kg7 27.
Re7 Qf6 28. Qxf6+ Kxf6 29. Rxb7 Kf5 30. g3 Kg4 31. Kg2 d4 32. cxd4 Rxd4 33. Re2
Rfd8 34. Rxf7 Rd3 35. Rf6 Rxg3+ 36. Kf2 Kxh4 37. Rxa6 Kh3 38. Ra3 Rxa3 39. bxa3
Rd3 40. a4 Ra3 41. Re3+ Rxe3 42. Kxe3 1-0

[Event "BCC Josh Friedel Marathon"]
[Site "Berkeley"]
[Date "2008.08.08"]
[Round "5.8"]
[White "Nelson, Christopher"]
[Black "Van Gorder, Neil A"]
[Result "0-1"]
[WhiteElo "1492"]
[BlackElo "1366"]
[PlyCount "36"]
[EventDate "2008.??.??"]
[SourceDate "2007.10.22"]

1. f4 Nf6 2. Nf3 d5 3. d4 b6 4. e3 Bb7 5. Bd3 e6 6. O-O c5 7. c3 Nbd7 8. Qe1
Ne4 9. Nbd2 Bd6 10. Bxe4 dxe4 11. Ng5 Nf6 12. Qd1 h6 13. Nh3 Rc8 14. Nf2 Nd5
15. Ndxe4 O-O 16. Nxd6 Qxd6 17. Ne4 Qc6 18. Qg4 f5 {W resigns} 0-1

[Event "BCC David Pruess Marathon"]
[Site "?"]
[Date "2008.09.12"]
[Round "2"]
[White "Nelson, Chris"]
[Black "Zeng, Kairui"]
[Result "1-0"]
[WhiteElo "1431"]
[BlackElo "1007"]
[PlyCount "41"]
[EventDate "2008.??.??"]
[SourceDate "2007.10.22"]

1. e4 c5 2. d4 b6 3. dxc5 bxc5 4. Nf3 d6 5. Bc4 Nf6 6. e5 Ne4 7. Qd5 Be6 8.
Qxe4 Nd7 9. Bxe6 fxe6 10. exd6 exd6 11. Bg5 Nf6 12. Qc6+ Ke7 13. Nc3 Qb6 14.
Qxa8 Qxb2 15. Qxa7+ Kd8 16. Qa5+ Ke8 17. Rb1 Qxc2 18. Rb8+ Kf7 19. O-O Ng4 20.
h3 Nxf2 21. Rxf2 1-0

[Event "Shorman Sunday Night Marathon"]
[Site "?"]
[Date "2008.01.20"]
[Round "5"]
[White "Newey, Richard"]
[Black "Morgan, Jerry"]
[Result "1-0"]
[WhiteElo "1728"]
[BlackElo "1494"]
[Annotator ",Elizabeth"]
[PlyCount "25"]
[EventDate "2008.??.??"]
[SourceDate "2007.10.22"]

1. e4 c6 2. d4 d5 3. e5 c5 4. c3 Nc6 5. Bb5 Qb6 6. Bxc6+ bxc6 7. Ne2 Ba6 8. e6
Nf6 9. exf7+ Kxf7 10. O-O e6 11. Re1 Bd6 12. Nd2 Rae8 13. Nf3 {
(the score sheet stops; white goes on to win)} 1-0

[Event "Berkeley CC Colle FNM; 30/90, SD/30"]
[Site "Berkeley"]
[Date "2011.07.01"]
[Round "4.6"]
[White "Parkin, John"]
[Black "Alcaraz, Joel"]
[Result "1/2-1/2"]
[WhiteElo "1795"]
[BlackElo "1638"]
[PlyCount "95"]
[EventDate "2011.??.??"]
[SourceDate "2007.10.22"]

1. d4 d5 2. c4 c6 3. Nf3 Nf6 4. Nc3 Bf5 5. Nh4 Bg6 6. Nxg6 hxg6 7. e3 e6 8. Qc2
Bd6 9. h3 Nbd7 10. Bd3 Qe7 11. e4 dxe4 12. Nxe4 Nxe4 13. Bxe4 Bb4+ 14. Bd2 f5
15. Bf3 Kf7 16. O-O-O Bxd2+ 17. Qxd2 Rhd8 18. Rhe1 Qh4 19. b3 Qh6 20. Re3 Rac8
21. Rde1 Nf8 22. Kc2 Qf4 23. Kc3 Rc7 24. g3 Qd6 25. c5 Qe7 26. Be2 Rcd7 27. b4
Qf6 28. Rd3 e5 29. Rd1 exd4+ 30. Kc2 b5 31. g4 f4 32. Bf3 Kg8 33. g5 Qe6 34.
Kb1 Rc7 35. Qxf4 Qc8 36. Bg4 Qb7 37. Rxd4 Re8 38. Qd2 Rf7 39. f4 Qc7 40. Rd6
Re4 41. Rf1 Re8 42. h4 Ree7 43. h5 gxh5 44. Bxh5 Rf5 45. Bg4 Rff7 46. f5 Rd7
47. g6 Nxg6 48. Bh5 1/2-1/2

[Event "Berkeley CS Rubinstein FNM; 30/90, SD/3"]
[Site "Berkeley"]
[Date "2011.07.29"]
[Round "1.11"]
[White "Parkin, John"]
[Black "Glasscoe, Alan"]
[Result "1/2-1/2"]
[WhiteElo "1782"]
[BlackElo "1800"]
[PlyCount "52"]
[EventDate "2011.??.??"]
[SourceDate "2007.10.22"]

1. d4 Nf6 2. c4 e5 3. dxe5 Ng4 4. Nf3 Bc5 5. e3 Nc6 6. Nc3 Ngxe5 7. Be2 Nxf3+
8. Bxf3 Ne5 9. O-O O-O 10. Be2 d6 11. b3 Re8 12. Na4 Bb6 13. Nxb6 axb6 14. Bb2
Qh4 15. Qd4 Qh6 16. a4 Bd7 17. Rfe1 Nc6 18. Qf4 Qg6 19. Rad1 Nb4 20. Rd2 Re4
21. Qg3 Qxg3 22. hxg3 Bc6 23. Bc3 Na6 24. a5 bxa5 25. Bxa5 Re7 26. Bc3 Nc5
1/2-1/2

[Event "Berkeley CC Colle FNM; 30/90, SD/30"]
[Site "Berkeley"]
[Date "2011.06.17"]
[Round "2.5"]
[White "Parkin, John"]
[Black "Hua, Arnold"]
[Result "0-1"]
[WhiteElo "1795"]
[BlackElo "1976"]
[PlyCount "64"]
[EventDate "2011.??.??"]
[SourceDate "2007.10.22"]

1. d4 d5 2. c4 dxc4 3. e3 e5 4. Bxc4 exd4 5. Qxd4 Qxd4 6. exd4 Bd6 7. Nc3 Nf6
8. Nf3 O-O 9. O-O c6 10. Bg5 Nbd7 11. Rfe1 b5 12. Bf1 a6 13. Ne5 Bb7 14. Nxd7
Nxd7 15. Be7 Bxe7 16. Rxe7 Rad8 17. g3 Rfe8 18. Rae1 Rxe7 19. Rxe7 Kf8 20. Re1
Nf6 21. Ne2 c5 22. dxc5 Rd2 23. b4 Rxa2 24. Nd4 Rb2 25. c6 Bc8 26. Rc1 Rxb4 27.
Nc2 Rb2 28. Bg2 a5 29. Ne3 a4 30. c7 a3 31. Rd1 a2 32. Rd8+ Ke7 0-1

[Event "Berkeley CS Rubinstein FNM; 30/90, SD/3"]
[Site "Berkeley"]
[Date "2011.08.26"]
[Round "5.4"]
[White "Parkin, John"]
[Black "Krasnov, Steven"]
[Result "0-1"]
[WhiteElo "1782"]
[BlackElo "1983"]
[PlyCount "50"]
[EventDate "2011.??.??"]
[SourceDate "2007.10.22"]

1. d4 Nf6 2. c4 e6 3. Nc3 d5 4. Bg5 Be7 5. Nf3 O-O 6. Qc2 Nbd7 7. e4 dxe4 8.
Nd2 c5 9. dxc5 Nxc5 10. Ncxe4 Ncxe4 11. Rd1 Qa5 12. Bxf6 Nxf6 13. Bd3 Qe5+ 14.
Kf1 Rd8 15. h4 b6 16. h5 h6 17. Re1 Qg5 18. Ne4 Qa5 19. Nxf6+ Bxf6 20. Be4 Rb8
21. Rh3 Rd2 22. Bh7+ Kh8 23. Ra3 Rxc2 24. Rxa5 Kxh7 25. Rxa7 Rb7 0-1

[Event "Berkeley CS Rubinstein FNM; 30/90, SD/3"]
[Site "Berkeley"]
[Date "2011.08.12"]
[Round "3.7"]
[White "Parkin, John"]
[Black "Li, William J"]
[Result "1-0"]
[WhiteElo "1782"]
[BlackElo "1429"]
[PlyCount "79"]
[EventDate "2011.??.??"]
[SourceDate "2007.10.22"]

1. d4 Nf6 2. c4 g6 3. Nc3 d5 4. Bg5 dxc4 5. e4 Nc6 6. Nf3 Bg4 7. d5 Bxf3 8.
gxf3 Ne5 9. f4 Nd3+ 10. Bxd3 cxd3 11. Qxd3 h6 12. Bxf6 exf6 13. Qb5+ c6 14.
dxc6 a6 15. Qxb7 Rb8 16. Qxa6 Rxb2 17. Rd1 Qb8 18. O-O Be7 19. Rd7 Rb6 20.
Rxe7+ Kxe7 21. Nd5+ Kd6 22. Qxb6 Qxb6 23. Nxb6 Kxc6 24. Nd5 f5 25. f3 Ra8 26.
Rb1 Ra3 27. Rb3 Ra4 28. Nb4+ Kc5 29. Nd3+ Kd6 30. e5+ Kd5 31. Rb7 Ra3 32. Rxf7
Rxd3 33. Rd7+ Kc4 34. Rxd3 Kxd3 35. Kf2 Kc4 36. e6 g5 37. e7 gxf4 38. e8=Q Kb4
39. a4 Ka5 40. Qb5# 1-0

[Event "Berkeley CC Capablanca FNM; 30/90, SD/3"]
[Site "Berkeley"]
[Date "2011.09.23"]
[Round "2.7"]
[White "Parkin, John"]
[Black "Narayanan, Praveen"]
[Result "1/2-1/2"]
[WhiteElo "1777"]
[BlackElo "1972"]
[PlyCount "79"]
[EventDate "2011.??.??"]
[SourceDate "2007.10.22"]

1. d4 Nf6 2. c4 e6 3. Nf3 b6 4. g3 Bb7 5. Bg2 Be7 6. O-O O-O 7. Nc3 Ne4 8. Qc2
Nxc3 9. bxc3 f5 10. Nd2 Bxg2 11. Kxg2 Nc6 12. e4 Na5 13. e5 Qc8 14. Qa4 Qb7+
15. Kg1 Rad8 16. Nb3 Nc6 17. Ba3 Bxa3 18. Qxa3 f4 19. f3 d6 20. exd6 cxd6 21.
Rae1 fxg3 22. hxg3 e5 23. d5 Ne7 24. Nd2 Qd7 25. Kg2 b5 26. cxb5 Qxb5 27. c4
Qd7 28. Re4 Qc7 29. f4 exf4 30. Rexf4 Rxf4 31. Rxf4 Ng6 32. Re4 Ne5 33. Qc3 Rc8
34. Rh4 Qf7 35. Qb4 Ng6 36. Re4 Rf8 37. Re2 Rd8 38. Nf3 Qf5 39. Qe1 Rf8 40. Rf2
1/2-1/2

[Event "Berkeley CC Reti FNM; 30/90, SD/60"]
[Site "Berkeley"]
[Date "2011.04.22"]
[Round "1.13"]
[White "Parkin, John"]
[Black "Sowell, Nelson M"]
[Result "0-1"]
[WhiteElo "1925"]
[BlackElo "1724"]
[PlyCount "72"]
[EventDate "2011.??.??"]
[SourceDate "2007.10.22"]

1. d4 Nf6 2. c4 e6 3. Nf3 b6 4. Nc3 Bb7 5. Bg5 h6 6. Bh4 Be7 7. Qc2 O-O 8. e4
d6 9. Bd3 Nbd7 10. O-O c5 11. a4 Rc8 12. d5 Nxd5 13. Bxe7 Nxe7 14. Nb5 Nf6 15.
Nxa7 Ra8 16. Nb5 Nc6 17. Rfd1 Qe7 18. Qe2 Nb4 19. Nd2 Rfd8 20. f3 Nh5 21. g3
Qg5 22. Kf2 Nxd3+ 23. Qxd3 d5 24. Qe3 Qg6 25. g4 Nf6 26. g5 hxg5 27. Rg1 dxe4
28. Rxg5 Qh6 29. Rag1 Qh4+ 30. Kf1 g6 31. b3 exf3 32. Rxg6+ Kf8 33. Rh6 Ng4 34.
Qf4 Qxh6 35. Rxg4 Qxf4 36. Rxf4 Rxd2 0-1

[Event "Berkeley CC Reti FNM; 30/90, SD/60"]
[Site "Berkeley CA"]
[Date "2011.05.06"]
[Round "3.8"]
[White "Parkin, John"]
[Black "Wang, Michael J"]
[Result "1-0"]
[WhiteElo "1866"]
[BlackElo "1476"]
[PlyCount "89"]
[EventDate "2011.??.??"]
[SourceDate "2007.10.22"]

1. d4 d5 2. c4 c6 3. Nf3 Nf6 4. Nc3 Bf5 5. Nh4 Bg4 6. h3 Bh5 7. Qc2 dxc4 8. e3
b5 9. a4 Nd5 10. axb5 Nxc3 11. Qxc3 cxb5 12. g4 Bg6 13. Bg2 Nd7 14. Nxg6 hxg6
15. Bxa8 Qxa8 16. Rg1 a6 17. Qa5 Rxh3 18. Qxb5 Qh1 19. Rxh1 Rxh1+ 20. Kd2 axb5
21. Ra8+ Nb8 22. Rxb8+ Kd7 23. Rxf8 Ke6 24. Rb8 Rg1 25. f3 Rg2+ 26. Kc3 Rf2 27.
f4 Rg2 28. g5 f5 29. Rxb5 Rg1 30. Bd2 Rg2 31. Rb6+ Kf7 32. Rc6 Rg1 33. Rxc4 Rb1
34. b4 Ra1 35. b5 Ra8 36. Kb4 Ke8 37. Rc6 Kf7 38. b6 Ra1 39. Kc5 Rb1 40. Bb4
Rb3 41. b7 Rxe3 42. b8=Q Re4 43. Rc8 Re2 44. Rf8+ Ke6 45. Qc8# 1-0

[Event "BCC David Pruess Marathon"]
[Site "?"]
[Date "2008.09.19"]
[Round "3.3"]
[White "Petty, David"]
[Black "Adsuara, Percival"]
[Result "1-0"]
[WhiteElo "1983"]
[BlackElo "1788"]
[PlyCount "37"]
[EventDate "2008.??.??"]
[SourceDate "2007.10.22"]

1. e4 d6 2. d4 Nd7 3. Nf3 g6 4. Bc4 Bg7 5. Bxf7+ Kf8 6. Ng5 Ndf6 7. Nc3 h6 8.
Ne6+ Bxe6 9. Bxe6 c6 10. Qf3 Qa5 11. Bd2 Qc7 12. O-O-O b5 13. Rhe1 a5 14. e5 a4
15. exf6 Bxf6 16. Nxb5 Qb6 17. Na3 Kg7 18. Bc3 Rb8 19. d5 1-0

[Event "Shorman Sunday Night Marathon"]
[Site "?"]
[Date "2007.12.16"]
[Round "2"]
[White "Petty, David"]
[Black "Jahedi, Salar"]
[Result "0-1"]
[WhiteElo "1888"]
[BlackElo "2025"]
[PlyCount "79"]
[EventDate "2007.12.09"]
[SourceDate "2007.10.22"]

1. e4 e6 2. d4 d5 3. exd5 exd5 4. Nf3 Bd6 5. c4 Nf6 6. Nc3 O-O 7. Be2 dxc4 8.
O-O Nbd7 9. Bxc4 Nb6 10. Bd3 Bg4 11. Bg5 Be7 12. Re1 Re8 13. Bc2 Bh5 14. Re5
Bg6 15. Bxg6 hxg6 16. Qb3 Qd7 17. Rae1 Bd6 18. Bxf6 gxf6 19. R5e3 Rxe3 20. Rxe3
Kg7 21. h3 Rd8 22. Re4 Qf5 23. Qc2 c6 24. Qe2 Nd5 25. Nd2 Nxc3 26. bxc3 Qa5 27.
Nb1 Qg5 28. Qc2 Rh8 29. Rg4 Qd5 30. c4 Qe6 31. Re4 Qd7 32. c5 Bb8 33. Qd3 Rd8
34. Nd2 Qd5 35. Nb3 f5 36. Re7 b6 37. cxb6 axb6 38. Rb7 b5 39. Re7 Be5 40. Kf1
0-1

[Event "George Koltanowski Sunday Marathon"]
[Site "?"]
[Date "2007.11.04"]
[Round "3"]
[White "Petty, David"]
[Black "Jahedi, Salar"]
[Result "1/2-1/2"]
[WhiteElo "1923"]
[BlackElo "2025"]
[PlyCount "134"]
[EventDate "2007.10.28"]
[SourceDate "2007.10.22"]

1. e4 e6 2. d4 d5 3. Nc3 Nf6 4. e5 Nfd7 5. f4 c5 6. Nf3 Nc6 7. Be3 cxd4 8. Nxd4
Bc5 9. Be2 a6 10. O-O Nxd4 11. Bxd4 b5 12. Bxc5 Nxc5 13. f5 b4 14. Qd4 Qb6 15.
Nd1 Rb8 16. c4 bxc3 17. Nxc3 Nd7 18. Qf2 Nxe5 19. fxe6 Bxe6 20. Rae1 O-O 21.
Bxa6 Ng4 22. Qxb6 Rxb6 23. Be2 Rxb2 24. Bxg4 Bxg4 25. Nxd5 Rxa2 26. Ne7+ Kh8
27. Nc6 Be6 28. Rxe6 Rc8 29. Rxf7 Kg8 30. Rf2 Ra1+ 31. Rf1 Rxf1+ 32. Kxf1 Kf7
33. Nd4 Rc1+ 34. Ke2 Rg1 35. Kf2 Rd1 36. Re4 Kf6 37. Re6+ Kf7 38. Re4 Kf6 39.
Nf3 Ra1 40. Kg3 h6 41. h4 Ra2 42. Rf4+ Kg6 43. Ne5+ Kh7 44. h5 Ra5 45. Rf5 Ra3+
46. Kg4 Ra2 47. g3 Ra4+ 48. Rf4 Ra5 49. Ng6 Rg5+ 50. Kh4 Ra5 51. Nf8+ Kg8 52.
Ne6 Ra6 53. Rf8+ Kh7 54. Nf4 Ra5 55. Rf7 Ra6 56. Kg4 Rb6 57. Re7 Rb4 58. Kf5
Rb5+ 59. Re5 Rb3 60. g4 Rb4 61. Ng6 Ra4 62. Re8 Ra5+ 63. Ke6 Ra6+ 64. Kd7 Ra7+
65. Ke6 Ra6+ 66. Kf7 Rf6+ 67. Ke7 Re6+ 1/2-1/2

[Event "BCC Grand ReOpening 2007"]
[Site "?"]
[Date "2007.10.07"]
[Round "5"]
[White "Petty, David"]
[Black "Karp, Richard"]
[Result "0-1"]
[WhiteElo "1917"]
[BlackElo "1911"]
[PlyCount "76"]
[EventDate "2007.??.??"]
[SourceDate "2007.10.22"]

1. e4 c5 2. Nf3 Nc6 3. d4 cxd4 4. Nxd4 g6 5. Nxc6 bxc6 6. Qd4 Qa5+ 7. Bd2 e5 8.
Qxd7+ Bxd7 9. Bxa5 Bg7 10. Nd2 Ne7 11. O-O-O O-O 12. Bc4 Kh8 13. h3 f5 14. exf5
Bxf5 15. Rhe1 Nd5 16. Nf3 e4 17. Bxd5 cxd5 18. Nd4 Bd7 19. Re2 Rab8 20. Nb3 Bc6
21. Be1 Bb5 22. Re3 Bh6 23. Bc3+ Kg8 24. Rxd5 Rxf2 25. Bd4 Re2 26. Kd1 Bxe3 27.
Rxb5 Rxb5 28. Kxe2 Bxd4 29. Nxd4 Rxb2 30. Ke3 Rxa2 31. Kxe4 a5 32. Kd5 a4 33.
Kc4 Rb2 34. Kc3 Rb8 35. Ne2 a3 36. Nc1 Kf7 37. Nb3 Kf6 38. g3 Ke5 0-1

[Event "BCC Josh Friedel Marathon"]
[Site "?"]
[Date "2008.07.25"]
[Round "3.1"]
[White "Petty, David"]
[Black "Krasnov, Steven"]
[Result "1/2-1/2"]
[WhiteElo "1988"]
[BlackElo "1950"]
[PlyCount "51"]
[EventDate "2007.11.18"]
[SourceDate "2007.10.22"]

1. e4 d6 2. d4 Nf6 3. Nc3 e5 4. dxe5 dxe5 5. Qxd8+ Kxd8 6. Bg5 Be6 7. O-O-O+
Kc8 8. Bxf6 gxf6 9. Nd5 f5 10. exf5 Bxf5 11. Nf3 Nd7 12. Bc4 Be6 13. Rhe1 c6
14. Ne3 Bxc4 15. Nxc4 f6 16. Nd6+ Kc7 17. Ne4 Be7 18. Nh4 Raf8 19. Nf5 Rf7 20.
Re2 Nc5 21. Nxe7 Nxe4 22. Nf5 Nc5 23. Red2 Ne4 24. Re2 Nc5 25. Red2 Ne4 26. Re2
1/2-1/2

[Event "Shorman Sunday Night Marathon"]
[Site "?"]
[Date "2008.01.13"]
[Round "4"]
[White "Petty, David"]
[Black "Leotaud, Glenn"]
[Result "0-1"]
[WhiteElo "1899"]
[BlackElo "1865"]
[Annotator ",Elizabeth"]
[PlyCount "74"]
[EventDate "2008.??.??"]
[SourceDate "2007.10.22"]

1. e4 c5 2. Nf3 g6 3. d4 cxd4 4. Nxd4 Bg7 5. Be3 Nc6 6. Nc3 Nf6 7. Be2 O-O 8.
Qd2 d6 9. h4 Ng4 10. Bxg4 Bxg4 11. f3 Bd7 12. g4 Qa5 13. h5 Ne5 14. hxg6 fxg6
15. Qh2 Nxf3+ 16. Nxf3 Rxf3 17. Qxh7+ Kf7 18. Bh6 Qe5 19. O-O-O Rh8 20. Qxg7+
Qxg7 21. Bxg7 Rxh1 22. Rxh1 Kxg7 23. Nd5 e6 24. Nc3 Kf6 25. Kd2 Bc6 ({
(with the hope of:} 25... Rg3 26. e5+ Kxe5 (26... dxe5 27. Ne4+) (26... Kf7 27.
exd6 {(getting a passed d pawn)}) 27. Re1+ Kd4 (27... Kf4 28. Ne2+) (27... Kf4
28. Ne2+) 28. Ne2+) 26. b4 Ke5 27. Rh6 Kd4 28. Ne2+ Kxe4 29. Rxg6 Ke5 30. b5
Be4 31. Rg7 Rf2 32. Ke3 Rf3+ 33. Kd2 Rf2 34. Ke3 Rg2 35. c3 Bd5 36. Nf4 Rg3+ ({
(if Black snags this pawn, White had a nasty surprise in store:} 36... Rxa2 37.
Rg6 {(threatening Nd3 checkmate!)} Be4 38. Rxe6#) 37. Kf2 Rf3+ ({
(white had seen:} 37... Kxf4 38. Rf7+ Kxg4 39. Rg7+ {and thought Nf4 was safe)}
) 0-1

[Event "George Koltanowski Sunday Marathon"]
[Site "?"]
[Date "2007.10.28"]
[Round "2"]
[White "Petty, David"]
[Black "Lesquillier, Walter"]
[Result "1-0"]
[WhiteElo "1923"]
[BlackElo "1719"]
[PlyCount "39"]
[EventDate "2007.10.28"]
[SourceDate "2007.10.22"]

1. e4 g6 2. d4 Bg7 3. Be3 Nf6 4. Nc3 d6 5. Be2 O-O 6. h4 h5 7. Qd2 Na6 8. O-O-O
Ng4 9. Bxg4 Bxg4 10. f3 Bd7 11. Nge2 c6 12. Rdg1 c5 13. g4 cxd4 14. Bxd4 hxg4
15. h5 Qa5 16. hxg6 Bxd4 17. Nxd4 Qe5 18. g7 Qxg7 19. Nf5 Bxf5 20. exf5 1-0

[Event "BCC Bobby Fischer Memorial Marathon"]
[Site "?"]
[Date "2008.02.10"]
[Round "1"]
[White "Petty, David"]
[Black "Magganas, Aristotle"]
[Result "1-0"]
[WhiteElo "1908"]
[BlackElo "609"]
[PlyCount "75"]
[EventDate "2008.02.10"]
[SourceDate "2007.10.22"]

1. e4 c6 2. d4 d5 3. exd5 cxd5 4. c4 dxc4 5. Bxc4 Nc6 6. Nf3 Bg4 7. Bxf7+ Kxf7
8. Ng5+ Ke8 9. Qxg4 Qxd4 10. Qf5 Qe5+ 11. Qxe5 Nxe5 12. O-O Nf6 13. Rd1 Rd8 14.
Rxd8+ Kxd8 15. f4 h6 16. fxe5 hxg5 17. exf6 exf6 18. Be3 a6 19. Nc3 Bd6 20. Rd1
Kc7 21. g3 Re8 22. Kf2 b5 23. Kf3 Kc6 24. a3 g4+ 25. Kf2 b4 26. axb4 Bxb4 27.
Rd4 Bc5 28. Rc4 Rxe3 29. Rxc5+ Kxc5 30. Kxe3 Kc4 31. Ne4 a5 32. Nd2+ Kb4 33.
Kf4 a4 34. Kxg4 Kc5 35. Kf5 Kd4 36. Kg6 Kd3 37. Nb1 Kc2 38. Nc3 1-0

[Event "Blackburne Friday Night Marathon"]
[Site "Berkeley"]
[Date "2009.03.13"]
[Round "1"]
[White "Petty, David A"]
[Black "Maser, Thomas F"]
[Result "1-0"]
[WhiteElo "1983"]
[BlackElo "1950"]
[PlyCount "51"]
[EventDate "2009.??.??"]
[SourceDate "2007.10.22"]

1. e4 e5 2. f4 exf4 3. Nf3 h6 4. Bc4 d6 5. d4 g5 6. g3 fxg3 7. O-O gxh2+ 8. Kh1
Nf6 9. Nxg5 hxg5 10. Bxg5 Be7 11. Qf3 Bh3 12. Nc3 Bxf1 13. Rxf1 c6 14. e5 d5
15. exf6 Bd6 16. Re1+ Kd7 17. Bxd5 Re8 18. Be4 Kc7 19. d5 Nd7 20. dxc6 bxc6 21.
Rd1 Ne5 22. Qg2 Qc8 23. Bxc6 Nxc6 24. Nb5+ Kb6 25. Nxd6 Qd7 26. Nc4+ 1-0